مكتبة جامعة عجلون الوطنية

فهرس بحث المكتبة

Normal view MARC view
  • الاردن-تاريخ -العمل العربي المشترك

Entry Topical Term

Number of records used in: 1

001 - CONTROL NUMBER

  • control field: 47686

003 - CONTROL NUMBER IDENTIFIER

  • control field: JO-AjAnu

005 - DATE AND TIME OF LATEST TRANSACTION

  • control field: 20230606081854.0

008 - FIXED-LENGTH DATA ELEMENTS

  • fixed length control field: 230606|| aca||aabn | a|a d

040 ## - CATALOGING SOURCE

  • Original cataloging agency: JO-AjAnu
  • Transcribing agency: JO-AjAnu

150 ## - HEADING--TOPICAL TERM

  • Topical term or geographic name entry element: الاردن-تاريخ -العمل العربي المشترك

670 ## - SOURCE DATA FOUND

  • Source citation: Work cat.: (JO-AjAnu)24402: الرفوع، فيصل عوده, author 47685, الأردن والعمل العربي المشترك